Capitals of Scrambled Countries - Statistics

General Stats
  • This quiz has been taken 453 times
  • The average score is 15 of 24
Answer Stats
Scrambled Country Capital City % Correct
ABCU Havana
97%
EKRTUY Ankara
91%
AEGMNRY Berlin
86%
AHIIT Port-au-Prince
79%
AAACIJM Kingston
77%
ABILY Tripoli
77%
ADJNOR Amman
73%
AADHILNT Bangkok
72%
AAIKLOSV Bratislava
69%
AABGILRU Sofia
66%
ADEILNR Dublin
59%
ABELNNO Beirut
58%
AAGLON Luanda
57%
AAMOS Apia
55%
AABHINR Manama
53%
AABIMZ Lusaka
51%
ABCILMOO Bogotá
49%
AADNRW Kigali
48%
AABBDORS Bridgetown
44%
ACDEORU Quito
44%
CMOOORS Moroni
42%
ADHNORSU Tegucigalpa
42%
EEGMNNOORT Podgorica
40%
ALTUUV Funafuti
39%
No matching quizzes found
Score Distribution
Percent of People with Each Score
Percentile by Number Answered
Your Score History
You have not taken this quiz